| 000 | 01094nam a2200325 i 4500 | ||
|---|---|---|---|
| 001 | bg | ||
| 100 | 1 | _aHydzik, Paweł. | |
| 245 | 1 | 0 |
_aKomputerowa analiza danych społeczno-gospodarczych / _cPaweł Hydzik, Marek Sobolewski. |
| 260 |
_aRzeszów : _bOficyna Wydawnicza Politechniki Rzeszowskiej, _c2007. |
||
| 300 |
_a248 s. : _bil. ; _c24 cm. |
||
| 504 | _aBibliogr. s. 239-241. | ||
| 521 | 8 | _aSkrypt uczelniany dla studentów kierunku Zarządzanie. | |
| 650 | 9 |
_aBaza danych _xbudowa i organizacja |
|
| 650 | 9 |
_aEkonometria _xmetody |
|
| 650 | 9 |
_aPrognozy _xmetody |
|
| 650 | 9 |
_aStatystyka _xoprogramowanie |
|
| 650 | 9 |
_aSzeregi czasowe _xstosowanie _xfinanse |
|
| 655 | _aPodręczniki akademickie | ||
| 700 | 1 | _aSobolewski, Marek. | |
| 015 | _aPB 21258/2007 | ||
| 020 | _a9788371994319 | ||
| 040 | _cBPK | ||
| 041 | 0 | _apol | |
| 044 | _aPOL | ||
| 080 | _a330.43:338.27:311:004.651:519.86:519.2](075.8) | ||
| 920 | _a978-83-7199-431-9 | ||
| 942 | _cKS | ||
| 008 | 080321s2007 pl a f f |000 0 pol | ||
| 999 |
_c54381 _d54381 |
||
| 856 |
_uhttp://koha.tu.koszalin.pl/cgi-bin/koha/opac-detail.pl?biblionumber=54381 _yKatalog online BPK |
||